000 00415nam a2200157Ia 4500
008 151213s9999 xx 000 0 und d
100 _aH.J.Davis
245 _aNational Culture & International Management in East Asa
_cH.J.Davis
250 _a1st
260 _aNew York
_bInternational Thomson
_c1997
300 _a2662 p.
650 _aManagement
650 _aManagement
700 _aH.J.Davis
999 _c1774
_d1774